000 00864nmm a2200253 a 4500
001 ocm000701336
003 TR-IsHL
005 20201028125403.0
008 110704s1989 tu tur
007 cr cn
035 _a701336
_b(N$T)
050 0 4 _aHF328.T9
_bİ88 1989
090 0 4 _aHF328.T9
_bİ88 1989
245 1 0 _aİstanbul Ticaret Odası 1989 adres rehberi: küçük sanayici adres rehberi
_h[electronic resource]
250 _a1. bs.
260 _aİstanbul :
_bİstanbul Ticaret Odası,
_c1989
300 _a522 p.
650 4 _aGenel Çalışmalar
650 4 _aGeneral Works
650 0 _aİstanbul Ticaret Odası
650 0 _aIstanbul Chamber of Commerce
650 7 _aBUSINESS & ECONOMICS / Corporate & Business History
_2bisacsh
856 4 0 _uhttp://search.ebscohost.com/login.aspx?direct=true&scope=site&db=e011xww&AN=701336
999 _c3455
_d3455